000 00637nam a2200193 i 4500
001 30907
003 ES-MaACL
005 20250812024126.0
007 t|
008 030127s1956 sp af |||| | spa d
100 1 _aBazin, Germain.
_926749
245 1 0 _aHistoria del arte
_b: de la Prehistoria a nuestros días /
_cGermain Bazin ; [traducción de Jorge Benet Aurell].
260 _aBarcelona :
_bOmega,
_c[1956] (
_fAgustín Núñez)
300 _a488 p., 36 lám. :
_bil. ;
_c22 cm.
650 0 4 _aArte-
_vHistoria
_910107
700 1 _aBenet Aurell, Jorge.
_927544
852 _aES-MaACL
_jC-10264
999 _c30907
_d30907